County map of Virginia and West Virginia
Saved in:
| Main Author: | |
|---|---|
| Corporate Authors: | , |
| Other Authors: | |
| Format: | Electronic |
| Language: | English |
| Published: |
[1880].
|
| Series: | David Rumsey Collection digital maps
|
| Subjects: | |
| Tags: |
Add Tag
No Tags, Be the first to tag this record!
|
| LEADER | 01557nea a2200349Ka 4500 | ||
|---|---|---|---|
| 001 | 012024914-6 | ||
| 005 | 20090630193809.0 | ||
| 008 | 060531t18801879paud a s 0 eng d | ||
| 034 | 1 | |a a |b 1900000 |d W0834100 |e W0751500 |f N0403800 |g N0363200 | |
| 035 | 0 | |a ocm69661502 | |
| 040 | |a CUY |c CUY | ||
| 052 | |a 3880 | ||
| 052 | |a 3890 | ||
| 100 | 1 | |a Mitchell, S. Augustus |q (Samuel Augustus), |d 1792-1868. | |
| 245 | 1 | 0 | |a County map of Virginia and West Virginia |h [electronic resource] / |c drawn and engd. by W.H. Gamble, Phila. |
| 255 | |a Scale [ca. 1:1,900,000] |c (W 83⁰41ʹ--W 75⁰15ʹ/N 40⁰38ʹ--N 36⁰32ʹ). | ||
| 260 | |c [1880]. | ||
| 500 | |a Relief shown by hachures. | ||
| 500 | |a Shows settlements, railroads, etc. | ||
| 500 | |a Prime meridians: Greenwich and Washington. | ||
| 500 | |a "Entered according to Act of Congress in the year 1879 by S. Augustus Mitchell in the office of the Librarian of Congress at Washington." | ||
| 500 | |a Scanned raster image of original: 1 map : hand col. ; 28 x 38 cm. | ||
| 500 | |a Original in the David Rumsey Collection; scanned by Cartography Associates. | ||
| 651 | 0 | |a Virginia |v Maps. | |
| 651 | 0 | |a West Virginia |v Maps. | |
| 700 | 1 | |a Gamble, W. H. |q (William H.) | |
| 710 | 2 | |a David Rumsey Collection. | |
| 710 | 2 | |a Cartography Associates. | |
| 773 | 0 | |a Mitchell, S. Augustus (Samuel Augustus), 1792-1868. |t Mitchell's new general atlas. |d Philadelphia : S. Augustus Mitchell, 1880, c1879. |g p. 46. |w (OCoLC)69371482 | |
| 830 | 0 | |a David Rumsey Collection digital maps |5 net | |
| 988 | |a 20090630 | ||
| 906 | |0 OCLC | ||


